000 00748 a2200217 4500
001 41691
005 20260407155709.0
008 260407a1983 arg spa d
003 AR-UNSa-BCEJYS
040 _aAR-UNSa-BCEJYS
_bspa
_cAR-UNSa-BCEJYS
080 _a349.243
_xMedidas de salud e higiene (Accidentes del trabajo)
245 1 0 _aReparación integral de los accidentes del trabajo
020 _a950-14-0103-0
264 1 _aBuenos Aires :
_bEdiciones Depalma
_c1983
300 _a91 p.
_c23 cm.
505 _a1. Opción del artículo 17 de la Ley 9.688 - 2. Participación del asegurador - 3. Higiene y seguridad industrial
041 _aspa
942 _cBK
590 _aniveau_biblio:m niveau_hierar:0
100 1 _aMeilij, Gustavo Raúl
999 _c3526
_d3526